Statistics for 20 Most Populous Cities in Each Hemisphere

Click here to take the quiz!

General Stats

  • This quiz has been taken 2,331 times
  • The average score is 41 of 53

Answer Stats

HemiPopulationWorld City% Correct
NW22.4 milNew York City
98%
NE40.2 milTokyo
98%
NW17.8 milLos Angeles
96%
NW22.8 milMexico City
95%
~W14.7 milLondon
94%
NE17.2 milMoscow
94%
NE29.4 milNew Delhi
94%
NE35.9 milShanghai
94%
NE20.4 milBeijing
93%
SW13.1 milRio de Janeiro
93%
SE30.6 milJakarta
92%
SW16.3 milBuenos Aires
91%
SW22.2 milSão Paulo
91%
S~5.20 milSydney
91%
NE24.7 milMumbai
90%
NE20.5 milCairo
88%
~W9.75 milChicago
87%
SE13.7 milJohannesburg
87%
SW9.90 milLima
87%
NE45.6 milGuangzhou
86%
~W9.80 milBogota
85%
SW7.20 milSantiago
85%
NE25.2 milManila
83%
S~4.85 milMelbourne
83%
NE15.8 milIstanbul
82%
NE18.8 milLagos
80%
NE24.7 milSeoul
80%
NE18.3 milBangkok
79%
~W6.60 milHouston
78%
S~4.18 milCape Town
77%
S~12.0 milKinshasa
77%
NE17.7 milOsaka
77%
~E15.0 milTehran
77%
~W7.35 milToronto
77%
~W7.85 milSan Francisco
76%
~W7.10 milDallas
74%
NE16.6 milKolkata
74%
NE19.5 milDhaka
73%
NE17.3 milKarachi
72%
~W6.35 milMiami
72%
~W8.55 milWashington, DC
71%
S~3.98 milBrasilia
67%
S~5.95 milNairobi
67%
~W7.65 milBoston
65%
~W7.35 milPhiladelphia
61%
S~6.15 milDar es Salaam
60%
S~7.90 milLuanda
60%
S~4.98 milBelo Horizonte
57%
~W6.45 milMadrid
56%
S~3.83 milRecife
43%
S~4.10 milPorto Alegre
40%
S~6.00 milSurabaya
37%
S~6.85 milBandung
35%

Score Distribution

Percentile by Number Answered

Percent of People with Each Score

Your Score History

You have not taken this quiz